A görögök és rómaiak játékai
Elmentve itt :
| Szerző: | |
|---|---|
| További közreműködők: | |
| Dokumentumtípus: | Könyv |
| Megjelent: |
Bernovits Gusztáv nyomdája
Kassa
1894
|
| Kulcsszavak: | Játékok - ókori - görög-római, Szórakozás - ókori - görög-római |
| Online Access: | http://misc.bibl.u-szeged.hu/45875 |
| LEADER | 00612nam a2200169 i 4500 | ||
|---|---|---|---|
| 001 | misc45875 | ||
| 005 | 20191207093846.0 | ||
| 008 | 181218s1894 hu o 0|| hun d | ||
| 040 | |a SZTE Miscellanea Repozitórium |b hun | ||
| 041 | |a hun | ||
| 100 | 1 | |a Richter W. | |
| 245 | 1 | 2 | |a A görögök és rómaiak játékai |h [elektronikus dokumentum] / |c Richter W. |
| 260 | |a Bernovits Gusztáv nyomdája |b Kassa |c 1894 | ||
| 300 | |a 222 | ||
| 695 | |a Játékok - ókori - görög-római, Szórakozás - ókori - görög-római | ||
| 700 | 0 | 1 | |a Takács Menyhért |
| 856 | 4 | 0 | |u http://misc.bibl.u-szeged.hu/45875/1/11036.pdf |z Dokumentum-elérés |